Fötiszteletü ...

Bibliographic Details
Main Author: Krautmann, József (Author)
Format: Book
Language:Undetermined
PhysicalDescription:2 s.
Published: Nagyszombatban [Jelinek Ker. János´betüvel] 1837
Edition:1. vyd.

MARC

LEADER 00000nam a2200000 a 4500
001 vtls001481926
003 SK-MaSNL
005 20260302073642.0
008 240318s1837 xx 0 und
035 |a SNK000437223 
040 |a SNK  |b slo  |c SNK  |e AACR2 
041 0 |a und 
044 |a xx 
100 1 |a Krautmann, József  |4 aut  |9 319740 
245 1 0 |a Fötiszteletü ... 
250 |a 1. vyd. 
260 |a Nagyszombatban  |b [Jelinek Ker. János´betüvel]  |c 1837 
300 |a 2 s. 
958 |a ONDV 
999 |c 1161817  |d 1163747 
952 |a SNK  |b SNK  |y PREZ  |7 0  |p 17A0780739  |o snkSC 7898  |i snkKSF 558/56  |8 5  |0 0  |1 0  |4 0  |d 2012-03-05  |l 0  |r 2025-07-04 00:00:00  |w 2026-02-24 
952 |t P60, <04>, [BOOK], {604}  |a SNK  |b SNK  |y VYP  |7 0  |p 17A0081862  |o snkSC 7898 D1  |i snkF 4406/77  |8 5  |0 0  |1 0  |4 0  |d 2004-09-17  |l 0  |r 2005-01-02 00:00:00  |w 2026-02-24